1409 1575 1589 1438 1923 1435 1272 1900 1853 1685 1651 1992 1453 1814 1359 1959 1866 1829 1057 1967 1016 1452 1435 1185 1675 1704 1300 1308 1468 1042 1066 1595 1533 1386 1692 1571 1755 1997 1374 1477 1051 1375 1876 1103 1806 1171 1147 1805 1191 1271 1544 1591 1865 1488 1769 1288 1145 1171 1346 1366 1421 1024 1304 1249 1020 1378 1363 1863 1555 1467 1316 1144 1417 1484 1590 1916 1388 1580 1770 1188 1349 1354 1534 1941 1568 1413 1161 1346 1873 1342 1681 1474 1197 1762 1882 1757 1516 1944 1327 BCNSPRNW ULIB Ver.6.0+V

เปลี่ยนเป็นภาษาไทย

Change to English
 แสดงรายละเอียดบรรณานุกรม
  กลับหน้าหลัก

Brief Record : Get Marc (ISO 2709) : E-mail record : QR code < ปิดหน้าต่าง
LEADER : 00000nam 2200000uu 4500
001    13399108337
003     ULIB
008    110301s2546||||th 000 0 tha d
020    9745879878 (pbk.)
060 04 WY101^bก496ก 2546
245 00 การพยาบาลฉุกเฉินและอุบัติภัยหมู่ /^cบรรณาธิการ, สุดาพรรณธัญจิรา, วนิดา ออประเสริฐศักดิ์
250    พิมพ์ครั้งที่ 3
260    กรุงเทพฯ :^bโครงการตำราภาควิชาพยาบาลศาสตร์คณะแพทยศาสตร์โรงพยาบาลรามาธิบดี มหาวิทยาลัยมหิด,^c2546
300    (ก-ฌ) 510 หน้า :^bภาพประกอบ ;^c27 ซม.
504    บรรณานุกรม
650  2 Emergency Nursing
650  2 Emergency Medical Services
650  7 การพยาบาลฉุกเฉิน
650  7 อุบัติเหตุ
700 0  สุดาพรรณ ธัญจิรา,^eบรรณาธิการ
700 0  วนิดา ออประเสริฐศักดิ์,^eบรรณาธิการ
710 2  มหาวิทยาลัยมหิดล. ^bคณะแพทยศาสตร์โรงพยาบาลรามาธิบดี.^bภาควิชาพยาบาลศาสตร์
945    ^p220^l0^i019810
945    ^p220^l0^i019809
945    ^p220^l0^i018879
945    ^p220^l0^i016136
945    ^p220^l0^i016134
945    ^p220^l0^i019811
945    ^p220^l0^i016135
995    กษร
999 ^a ใช้งานได้ทุกระบบ
รายการนี้ยังไม่มีแท็ก
คุณยังไม่ได้ล็อกอิน คุณสามารถมีกิจกรรมร่วมกับเว็บไซต์ได้ แต่ต้องล็อกอินก่อน ::
  ล็อกอิน

รายการสื่อสารสนเทศ

ลำดับที่ ประเภท เลขเรียก/บาร์โค้ด สถานที่ สถานะ
- ไม่พบข้อมูล -

รายการใกล้เคียง
    หัวเรื่อง [Emergency Nursing]
    หัวเรื่อง [Emergency Medical Services]
    หัวเรื่อง [การพยาบาลฉุกเฉิน]
    หัวเรื่อง [อุบัติเหตุ]

BibComment


ยังไม่เคยถูกคอมเมนท์

คอมเมนท์ทรัพยากรรายการนี้
  คอมเมนท์: การพยาบาลฉุกเฉินแ..


 Copyright 2026. Bcnsprnw @Library